Guide to area employment statistics; (Record no. 37027)

MARC details
000 -LEADER
fixed length control field 00662cam a22002171 4500
001 - CONTROL NUMBER
control field l 60000070
003 - CONTROL NUMBER IDENTIFIER
control field DLC
005 - DATE AND TIME OF LATEST TRANSACTION
control field 20260227111546.0
008 - FIXED-LENGTH DATA ELEMENTS--GENERAL INFORMATION
fixed length control field 840608s1960 xx s f000 0 eng
010 ## - LIBRARY OF CONGRESS CONTROL NUMBER
LC control number l 60000070
035 ## - SYSTEM CONTROL NUMBER
System control number (OCoLC)21647900
040 ## - CATALOGING SOURCE
Original cataloging agency DLC
Transcribing agency CU
Modifying agency OAk
-- DLC
042 ## - AUTHENTICATION CODE
Authentication code premarc
043 ## - GEOGRAPHIC AREA CODE
Geographic area code n-us---
050 00 - LIBRARY OF CONGRESS CALL NUMBER
Classification number HD8064
Item number .A52 1960b
110 1# - MAIN ENTRY--CORPORATE NAME
Corporate name or jurisdiction name as entry element United States.
Subordinate unit Bureau of Labor Statistics.
245 00 - TITLE STATEMENT
Title Guide to area employment statistics;
Remainder of title employment, hours and earnings, area definitions.
260 ## - PUBLICATION, DISTRIBUTION, ETC.
Place of publication, distribution, etc. [Washigton]
Date of publication, distribution, etc. 1960.
300 ## - PHYSICAL DESCRIPTION
Extent iii, 227 p.
Dimensions 26 cm.
650 #0 - SUBJECT ADDED ENTRY--TOPICAL TERM
Topical term or geographic name entry element Labor and laboring classes
Geographic subdivision United States
General subdivision Statistics

No items available.

Powered by Koha